000 00424nam a22001697a 4500
005 20180604103349.0
008 160521b xxu||||| |||| 00| 0 eng d
020 _a81-219-0419-6
041 _aeng
082 _b3922
_a519.5
100 _aArora P.N. & Arona S.
_9986
245 _aCA Foundation Course Statistics
260 _aNew Delhi
_bSultan Chand & Sons,
300 _a741
650 _aManagement
_9241
942 _cBK
999 _c1342
_d1342